[Event "SC Heideck-Hilpoltstein 1-SC Noris-Tarr"]
[Site "?"]
[Date "2013.03.10"]
[Round "9.2"]
[White "Kirchner, Norbert"]
[Black "Süß, Helmut"]
[Result "1-0"]
[WhiteElo "1967"]
[BlackElo "1917"]
[PlyCount "111"]
[EventDate "2013.??.??"]
[WhiteTeam "SC Heideck-Hilpoltstein 1"]
[BlackTeam "SC Noris-Tarrasch N 1873 e.V. 4"]

1. e4 c6 2. d4 d5 3. Bd3 dxe4 4. Bxe4 Nf6 5. Bf3 Bf5 6. Ne2 e6 7. Bf4 Bd6 8.
Nbc3 O-O 9. Qd2 Qc7 10. Bxd6 Qxd6 11. Ng3 Bg6 12. h4 h6 13. O-O-O Nbd7 14. Nge4
Nxe4 15. Nxe4 Bxe4 16. Bxe4 Nf6 17. Bf3 Nd5 18. c4 Ne7 19. Be4 f5 20. Bc2 Rf6
21. f4 Rd8 22. Qe3 Qc7 23. g3 b5 24. b3 Qa5 25. Kb2 b4 26. Qe5 Qb6 27. Qc5 Nc8
28. Qe5 Ne7 29. Rhe1 Rd7 30. Rd2 Ng6 31. Qe3 Qd8 32. Rd3 Ne7 33. Red1 Nc8 34.
Qe5 Ne7 35. R1d2 Kf8 36. Bd1 Ng6 37. Qc5+ Qe7 38. Bf3 Qxc5 39. dxc5 Rxd3 40.
Rxd3 Ne7 41. Rd7 g5 42. Rd8+ Kg7 43. Re8 gxf4 44. Rxe7+ Kf8 45. Rc7 fxg3 46.
Rxc6 f4 47. Rc8+ Ke7 48. Rc7+ Kd8 49. Rxa7 g2 50. Bxg2 f3 51. Bf1 Rf5 52. a3
bxa3+ 53. Kxa3 Re5 54. Rf7 Re3 55. c6 e5 56. c7+ 1-0

[Event "SC Heideck-Hilpoltstein 1-SC Noris-Tarr"]
[Site "?"]
[Date "2013.03.10"]
[Round "9.3"]
[White "Rausch, Wolfgang sr"]
[Black "Wegmann, Wolfgang"]
[Result "1/2-1/2"]
[WhiteElo "1896"]
[BlackElo "1863"]
[PlyCount "36"]
[EventDate "2013.??.??"]
[WhiteTeam "SC Noris-Tarrasch N 1873 e.V. 4"]
[BlackTeam "SC Heideck-Hilpoltstein 1"]

1. c4 e5 2. Nc3 Nc6 3. Nf3 Nf6 4. d4 exd4 5. Nxd4 h6 6. Nxc6 bxc6 7. e3 Be7 8.
Be2 O-O 9. O-O d5 10. b3 Be6 11. Bb2 dxc4 12. bxc4 Rb8 13. Qc2 Qc8 14. Rfd1 Rd8
15. Rxd8+ Bxd8 16. Bd3 Be7 17. Ne2 c5 18. Rb1 Qa6 1/2-1/2

[Event "SC Heideck-Hilpoltstein 1-SC Noris-Tarr"]
[Site "?"]
[Date "2013.03.10"]
[Round "9.4"]
[White "Perner, Bastian"]
[Black "Junk, Philipp"]
[Result "1/2-1/2"]
[WhiteElo "1881"]
[BlackElo "1850"]
[PlyCount "43"]
[EventDate "2013.??.??"]
[WhiteTeam "SC Heideck-Hilpoltstein 1"]
[BlackTeam "SC Noris-Tarrasch N 1873 e.V. 4"]

1. e4 c5 2. Nf3 e6 3. d4 cxd4 4. Nxd4 Nc6 5. Nc3 a6 6. a3 Qc7 7. Be3 Nf6 8. Be2
Be7 9. Qd2 b5 10. Nxc6 dxc6 11. f4 Bb7 12. Bf3 Rd8 13. Qf2 c5 14. e5 Nd5 15.
Nxd5 Bxd5 16. O-O O-O 17. Rad1 Rd7 18. Qg3 f6 19. Bg4 Rdd8 20. Rd2 b4 21. axb4
cxb4 22. Rfd1 1/2-1/2

[Event "SC Heideck-Hilpoltstein 1-SC Noris-Tarr"]
[Site "?"]
[Date "2013.03.10"]
[Round "9.5"]
[White "Lenz, Harald"]
[Black "Ruderer, Thomas"]
[Result "1/2-1/2"]
[WhiteElo "1770"]
[BlackElo "1749"]
[PlyCount "123"]
[EventDate "2013.??.??"]
[WhiteTeam "SC Noris-Tarrasch N 1873 e.V. 4"]
[BlackTeam "SC Heideck-Hilpoltstein 1"]

1. d4 e6 2. g3 Nf6 3. Bg2 d5 4. Nf3 Be7 5. Bg5 Nbd7 6. O-O O-O 7. Nbd2 h6 8.
Bxf6 Nxf6 9. Ne5 Bd7 10. c3 Rc8 11. e4 c6 12. Qb3 Qb6 13. Qxb6 axb6 14. exd5
exd5 15. Rfe1 Bd6 16. Nxd7 Nxd7 17. Re2 Rfe8 18. Rae1 Rxe2 19. Rxe2 Kf8 20. Nb3
Re8 21. Kf1 Rxe2 22. Kxe2 Ke7 23. Kd3 Nf6 24. Bf3 h5 25. Nd2 c5 26. Nf1 c4+ 27.
Ke2 g5 28. Ne3 Ke6 29. h3 b5 30. g4 h4 31. Nf5 b4 32. Nxd6 bxc3 33. Nxc4 b5 34.
bxc3 bxc4 35. Ke3 Nd7 36. Bd1 Kd6 37. Bc2 Nf8 38. f4 Ne6 39. f5 Nf4 40. Bd1
Nxh3 41. Bf3 Nf4 42. Kf2 Kc6 43. Bd1 Kb5 44. Kf3 Nd3 45. Kg2 Nc1 46. a4+ Kc6
47. a5 Nd3 48. Ba4+ Kb7 49. Bb5 Nf4+ 50. Kf3 f6 51. Kf2 Nd3+ 52. Kf3 Nc1 53.
a6+ Kb6 54. a7 Kxa7 55. Bc6 Kb6 56. Bxd5 Kb5 57. Ke3 h3 58. Kd2 Nd3 59. Ke3 Nf4
60. Bf3 Kb6 61. Be4 Kb5 62. Bf3 1/2-1/2

[Event "SC Heideck-Hilpoltstein 1-SC Noris-Tarr"]
[Site "?"]
[Date "2013.03.10"]
[Round "9.6"]
[White "Korth, Manfred"]
[Black "Bischoff, Hermann"]
[Result "0-1"]
[WhiteElo "1826"]
[BlackElo "1790"]
[PlyCount "88"]
[EventDate "2013.??.??"]
[WhiteTeam "SC Heideck-Hilpoltstein 1"]
[BlackTeam "SC Noris-Tarrasch N 1873 e.V. 4"]

1. Nf3 Nf6 2. g3 d5 3. Bg2 e6 4. d3 Bd6 5. Nbd2 O-O 6. O-O Nbd7 7. e4 c6 8. Qe2
e5 9. c3 Re8 10. Re1 Nc5 11. b4 dxe4 12. dxe4 Na4 13. Nb1 h6 14. Qc2 Nb6 15.
Qe2 Be6 16. Nfd2 Bc7 17. Na3 Qe7 18. Ndc4 Rad8 19. Nxb6 Bxb6 20. Nc4 Bc7 21.
Be3 b6 22. f3 Rd7 23. Red1 Red8 24. Bf1 b5 25. Nd2 Bb6 26. Bxb6 axb6 27. Nb3
Bc4 28. Qc2 c5 29. Rxd7 Rxd7 30. bxc5 Bxf1 31. Rxf1 bxc5 32. Rd1 c4 33. Nc1
Qc5+ 34. Kf1 Qe3 35. Kg2 Rxd1 36. Qxd1 Qxc3 37. Qd8+ Kh7 38. Ne2 Qc2 39. Kf2
Qxa2 40. Qe7 c3 41. Qxe5 b4 42. Ke3 b3 43. Qf5+ g6 44. Qxf6 b2 0-1

[Event "SC Heideck-Hilpoltstein 1-SC Noris-Tarr"]
[Site "?"]
[Date "2013.03.10"]
[Round "9.7"]
[White "Wagenfeld, Wladymyr"]
[Black "Stritzelberger, Martin"]
[Result "1/2-1/2"]
[WhiteElo "1718"]
[BlackElo "1642"]
[PlyCount "111"]
[EventDate "2013.??.??"]
[WhiteTeam "SC Noris-Tarrasch N 1873 e.V. 4"]
[BlackTeam "SC Heideck-Hilpoltstein 1"]

1. d4 Nf6 2. e3 g6 3. Bd3 d5 4. Ne2 Bg7 5. O-O O-O 6. Nd2 Nbd7 7. f4 e6 8. Ng3
c5 9. c3 b6 10. Nf3 Bb7 11. Bd2 c4 12. Bc2 Ne4 13. Be1 f5 14. Kh1 Ndf6 15. Ne5
Nxg3+ 16. hxg3 Nd7 17. Nf3 Bf6 18. Nh2 b5 19. g4 Bh4 20. g3 Be7 21. g5 a5 22.
a3 Kg7 23. g4 Rh8 24. Kg2 h6 25. gxh6+ Rxh6 26. g5 Rh5 27. Bg3 a4 28. Qd2 Qc7
29. Bd1 Rh7 30. Bf3 Rah8 31. Rh1 Qd8 32. Rag1 Rh3 33. Qf2 R3h7 34. Kf1 Qa8 35.
Qg2 Qd8 36. Ke2 Ba6 37. e4 fxe4 38. Bxe4 dxe4 39. Qxe4 Qb6 40. Re1 Bb7 41. Qe3
Bxh1 42. Rxh1 Qc6 43. Qg1 Qe4+ 44. Kf2 Qc2+ 45. Kf3 Qxb2 46. Qe3 Rxh2 47. Bxh2
Rxh2 48. Rxh2 Qxh2 49. Qxe6 Qh1+ 50. Kf2 Qh4+ 51. Kf3 Bxa3 52. Qxd7+ Kg8 53.
Qe6+ Kg7 54. Qf6+ Kh7 55. Qf7+ Kh8 56. Qf6+ 1/2-1/2

[Event "SC Heideck-Hilpoltstein 1-SC Noris-Tarr"]
[Site "?"]
[Date "2013.03.10"]
[Round "9.8"]
[White "Ruderer, Maximilian"]
[Black "Dreiseitel, Werner"]
[Result "1-0"]
[WhiteElo "1683"]
[BlackElo "1523"]
[PlyCount "117"]
[EventDate "2013.??.??"]
[WhiteTeam "SC Heideck-Hilpoltstein 1"]
[BlackTeam "SC Noris-Tarrasch N 1873 e.V. 4"]

1. e4 c6 2. d4 d5 3. exd5 cxd5 4. Bd3 Nf6 5. Nf3 Bg4 6. h3 Bh5 7. Bf4 e6 8.
Nbd2 Qb6 9. Rb1 Nc6 10. c3 Be7 11. O-O Bg6 12. Bxg6 hxg6 13. Re1 O-O 14. Ng5
Rac8 15. g4 Na5 16. Qf3 Bd6 17. Be5 Bxe5 18. Rxe5 Nc4 19. Nxc4 Rxc4 20. Re2 Qd6
21. h4 b5 22. a3 a5 23. h5 gxh5 24. gxh5 Nh7 25. Qg4 Nxg5 26. Qxg5 Qd8 27. f4
Qxg5+ 28. fxg5 b4 29. axb4 axb4 30. Re3 Rfc8 31. g6 bxc3 32. bxc3 fxg6 33. hxg6
Kf8 34. Rf3+ Ke8 35. Rb3 R4c6 36. Kf2 R6c7 37. Ke2 Rc6 38. Kd2 R6c7 39. Rb6 Rc6
40. Rxc6 Rxc6 41. Rf7 Ra6 42. Rxg7 Kf8 43. Rf7+ Kg8 44. Kd3 Ra1 45. Re7 Rd1+
46. Ke2 Rc1 47. Kd2 Rg1 48. Rxe6 Kg7 49. Re5 Kxg6 50. Rxd5 Rg3 51. Re5 Kf6 52.
Re3 Rg5 53. c4 Ra5 54. d5 Ra2+ 55. Kd3 Ra1 56. Kd4 Ra4 57. d6 Ra1 58. Kd5 Ra5+
59. c5 1-0

[Event "SK 1911 Herzogenaurach e.V. 1-SGem 1882"]
[Site "?"]
[Date "2013.03.10"]
[Round "9.1"]
[White "Heimrath, Wolfgang"]
[Black "Sattler, Stefan"]
[Result "1/2-1/2"]
[WhiteElo "2064"]
[BlackElo "2074"]
[PlyCount "35"]
[EventDate "2013.??.??"]
[WhiteTeam "SGem 1882 Fürth 1"]
[BlackTeam "SK 1911 Herzogenaurach e.V. 1"]

1. e4 e6 2. d4 d5 3. Nc3 Nf6 4. Bd3 dxe4 5. Nxe4 Nbd7 6. Nf3 b6 7. Qe2 Bb7 8.
O-O Nxe4 9. Bxe4 Bxe4 10. Qxe4 Be7 11. Bg5 O-O 12. Bxe7 Qxe7 13. Rfe1 Nf6 14.
Qh4 Qb4 15. b3 c5 16. dxc5 Qxc5 17. c4 Rfd8 18. h3 1/2-1/2

[Event "SK 1911 Herzogenaurach e.V. 1-SGem 1882"]
[Site "?"]
[Date "2013.03.10"]
[Round "9.2"]
[White "Bock, Helmar"]
[Black "Schwarz, Werner"]
[Result "1-0"]
[WhiteElo "2032"]
[BlackElo "1760"]
[PlyCount "55"]
[EventDate "2013.??.??"]
[WhiteTeam "SK 1911 Herzogenaurach e.V. 1"]
[BlackTeam "SGem 1882 Fürth 1"]

1. e4 c6 2. d4 d5 3. e5 c5 4. dxc5 e6 5. Be3 Nh6 6. Bd3 Nd7 7. Nf3 Nxc5 8. Bxh6
Nxd3+ 9. Qxd3 gxh6 10. O-O Bd7 11. Re1 a6 12. Nc3 Rc8 13. Nd1 Qc7 14. c3 Bg7
15. Ne3 Bb5 16. Qd4 Qe7 17. a4 Bc4 18. Ng4 O-O 19. Nf6+ Kh8 20. Nd2 Bxf6 21.
exf6 Qc5 22. Qf4 Rg8 23. Re3 Qc6 24. Qd4 a5 25. Nf3 Qc7 26. Rae1 Rce8 27. Rxe6
Rxe6 28. Rxe6 1-0

[Event "SK 1911 Herzogenaurach e.V. 1-SGem 1882"]
[Site "?"]
[Date "2013.03.10"]
[Round "9.3"]
[White "Bauer, Peter"]
[Black "Glitz, Martin"]
[Result "0-1"]
[WhiteElo "1745"]
[BlackElo "1979"]
[Annotator "Glitz,Martin"]
[PlyCount "90"]
[EventDate "2013.??.??"]
[WhiteTeam "SGem 1882 Fürth 1"]
[BlackTeam "SK 1911 Herzogenaurach e.V. 1"]

1. e4 c6 2. d4 d5 3. e5 Bf5 4. Nc3 e6 5. g4 Bg6 6. Nge2 c5 7. Nf4 Nc6 8. Nxg6
hxg6 9. Be3 cxd4 10. Bxd4 Bb4 11. Bb5 Nge7 12. a3 Ba5 13. Qd3 a6 14. Bxc6+ Nxc6
15. O-O-O Qg5+ 16. Kb1 Qxg4 17. h3 Qxd4 18. Qxd4 Nxd4 19. Rxd4 Bxc3 20. bxc3
Rc8 21. Kb2 Rh5 22. Rb4 Rc7 23. f4 Rh4 24. a4 Kd7 25. Ka2 a5 26. Rb5 Rxf4 27.
Rxa5 Rxc3 28. Kb2 Rfc4 29. Rh2 Re3 30. Rf2 Ke7 31. Rb5 Rc7 32. Rf4 Rxe5 33.
Rfb4 Re2 34. Rxb7 Rexc2+ 35. Kb1 R2c4 36. Kb2 Rxb4+ 37. Rxb4 e5 38. a5 e4 39.
a6 e3 40. Rb7 Kd7 41. Rb3 Ra7 42. Rxe3 Rxa6 43. Kb3 Rc6 44. Re5 Kd6 45. Re8 Rc7
0-1

[Event "SK 1911 Herzogenaurach e.V. 1-SGem 1882"]
[Site "?"]
[Date "2013.03.10"]
[Round "9.4"]
[White "Eichstädt, Timm"]
[Black "Schmidt, Friedrich"]
[Result "1/2-1/2"]
[WhiteElo "1943"]
[BlackElo "1692"]
[PlyCount "62"]
[EventDate "2013.??.??"]
[WhiteTeam "SK 1911 Herzogenaurach e.V. 1"]
[BlackTeam "SGem 1882 Fürth 1"]

1. Nf3 Nf6 2. d4 e6 3. c4 b6 4. Nc3 d5 5. Bg5 Bb7 6. e3 Be7 7. Bd3 Nbd7 8. Qc2
c5 9. cxd5 exd5 10. O-O O-O 11. dxc5 bxc5 12. Bf4 c4 13. Bf5 g6 14. Bh3 Nh5 15.
Bh6 Re8 16. Rfd1 Nc5 17. e4 Nd3 18. Nxd5 Bxd5 19. exd5 Qxd5 20. b3 Rad8 21.
bxc4 Qe4 22. Rab1 Bc5 23. Rxd3 Rxd3 24. Ne5 Rxe5 25. Qxd3 Bb6 26. Qxe4 Rxe4 27.
c5 Bc7 28. g3 Rc4 29. Be3 Nf6 30. Bg2 Ng4 31. Bd5 Nxe3 1/2-1/2

[Event "SK 1911 Herzogenaurach e.V. 1-SGem 1882"]
[Site "?"]
[Date "2013.03.10"]
[Round "9.5"]
[White "Heydt, Günter"]
[Black "Walther, Reinhard"]
[Result "1/2-1/2"]
[WhiteElo "1661"]
[BlackElo "1896"]
[Annotator "Glitz,Martin"]
[PlyCount "76"]
[EventDate "2013.??.??"]
[WhiteTeam "SGem 1882 Fürth 1"]
[BlackTeam "SK 1911 Herzogenaurach e.V. 1"]

1. d4 Nf6 2. c4 g6 3. Nc3 Bg7 4. e4 d6 5. Be2 O-O 6. Nf3 c6 7. O-O Qc7 8. h3
Nbd7 9. Be3 a6 10. Qd2 b5 11. cxb5 axb5 12. a3 Bb7 13. Rfd1 Qa5 14. b4 Qd8 15.
Ra2 Qb8 16. d5 Rc8 17. dxc6 Bxc6 18. Nd5 Kf8 19. Bh6 Bxd5 20. Bxg7+ Kxg7 21.
exd5 Nb6 22. Qd3 Nbxd5 23. Rc2 Rxc2 24. Qxc2 Nf4 25. Nd4 Nxe2+ 26. Qxe2 Rxa3
27. Qxe7 Ng8 28. Ne6+ Kh8 29. Qxf7 Ra7 30. Qf4 h5 31. Nf8 Kg7 32. Ne6+ Kh7 33.
Ng5+ Kg7 34. Ne6+ Kh7 35. Qd4 Rd7 36. Qf4 Ra7 37. Ng5+ Kg7 38. Ne6+ Kh7 1/2-1/2

[Event "SK 1911 Herzogenaurach e.V. 1-SGem 1882"]
[Site "?"]
[Date "2013.03.10"]
[Round "9.6"]
[White "Wolter, Norbert"]
[Black "Sawitzki, Nikolaus"]
[Result "1-0"]
[WhiteElo "1842"]
[BlackElo "1657"]
[PlyCount "127"]
[EventDate "2013.??.??"]
[WhiteTeam "SK 1911 Herzogenaurach e.V. 1"]
[BlackTeam "SGem 1882 Fürth 1"]

1. c4 e5 2. Nc3 Nc6 3. Nf3 Nf6 4. d4 exd4 5. Nxd4 Nxd4 6. Qxd4 Be7 7. g3 O-O 8.
Bg2 d6 9. O-O c6 10. Bg5 h6 11. Bxf6 Bxf6 12. Qd2 Be6 13. b3 Qa5 14. Rac1 Rad8
15. Rfd1 Bg5 16. e3 Bf6 17. Nd5 Qxd2 18. Nxf6+ gxf6 19. Rxd2 Rd7 20. Rd4 f5 21.
Rcd1 Rfd8 22. Rf4 Kg7 23. h4 Kg6 24. Bf3 d5 25. cxd5 Bxd5 26. Rfd4 Be6 27. Rxd7
Rxd7 28. Rxd7 Bxd7 29. Kf1 Kf6 30. Ke2 Ke5 31. Kd3 Be6 32. Kc3 a5 33. a3 Bd5
34. Be2 c5 35. Bd3 Be6 36. Bc2 b6 37. b4 axb4+ 38. axb4 c4 39. f3 b5 40. f4+
Kd6 41. Kd4 Bd7 42. Bd1 Bc6 43. Bh5 f6 44. Bg6 Be4 45. g4 Ke6 46. gxf5+ Bxf5
47. Be8 c3 48. Kxc3 Kd5 49. Bxb5 Bc8 50. Kd3 Bf5+ 51. Kd2 Kd6 52. Bd3 Bd7 53.
e4 Bc6 54. Ke3 Bd7 55. Kd4 Bc6 56. Bc4 Bd7 57. e5+ fxe5+ 58. fxe5+ Kc7 59. Kc5
Bc8 60. Bf7 Bb7 61. Be6 Be4 62. b5 Bb7 63. b6+ Kd8 64. Bd5 1-0

[Event "SK 1911 Herzogenaurach e.V. 1-SGem 1882"]
[Site "?"]
[Date "2013.03.10"]
[Round "9.7"]
[White "Lober, Wolfgang"]
[Black "Habermann, Manfred"]
[Result "1-0"]
[WhiteElo "1631"]
[BlackElo "1835"]
[PlyCount "85"]
[EventDate "2013.??.??"]
[WhiteTeam "SGem 1882 Fürth 1"]
[BlackTeam "SK 1911 Herzogenaurach e.V. 1"]

1. e4 b6 2. d4 Bb7 3. Bd3 e6 4. Nf3 d6 5. O-O Nd7 6. Be3 g6 7. Nbd2 Bg7 8. c3
Ne7 9. Qe2 a6 10. Rfd1 O-O 11. Nf1 d5 12. e5 c5 13. Rac1 h6 14. Ng3 Nf5 15.
Bxf5 exf5 16. Bd2 Re8 17. Re1 b5 18. Qd3 c4 19. Qb1 Nf8 20. h4 Ne6 21. h5 Qb6
22. Nh4 Ng5 23. Bxg5 hxg5 24. Nf3 f4 25. Ne2 g4 26. Nh4 g5 27. Nf5 g3 28. Kh1
gxf2 29. Rf1 Bf8 30. Rxf2 Rxe5 31. Nxf4 gxf4 32. Rxf4 Re4 33. Rcf1 Rae8 34. Qd1
Qe6 35. Qg4+ Kh8 36. Qg5 Bc8 37. Nh4 Be7 38. Ng6+ fxg6 39. Qh6+ Kg8 40. hxg6
Rxf4 41. Qh7+ Kf8 42. Qh8+ Qg8 43. Rxf4+ 1-0

[Event "SK 1911 Herzogenaurach e.V. 1-SGem 1882"]
[Site "?"]
[Date "2013.03.10"]
[Round "9.8"]
[White "Wellmann, Georg Franz"]
[Black "Engel, Georg"]
[Result "0-1"]
[WhiteElo "1829"]
[BlackElo "1596"]
[PlyCount "158"]
[EventDate "2013.??.??"]
[WhiteTeam "SK 1911 Herzogenaurach e.V. 1"]
[BlackTeam "SGem 1882 Fürth 1"]

1. e4 c6 2. d4 d5 3. e5 Bf5 4. g4 Bg6 5. h4 h6 6. h5 Bh7 7. Bd3 Bxd3 8. Qxd3 e6
9. f4 c5 10. Qb5+ Qd7 11. Qxd7+ Nxd7 12. Be3 cxd4 13. Bxd4 Bc5 14. Nf3 Bxd4 15.
Nxd4 a6 16. Nd2 Ne7 17. N2f3 Nc6 18. O-O-O Nxd4 19. Nxd4 Ke7 20. Rde1 g6 21.
hxg6 fxg6 22. f5 gxf5 23. gxf5 exf5 24. Rxh6 Rxh6 25. Nxf5+ Ke6 26. Nxh6 Rh8
27. Ng4 Rg8 28. Nf2 b5 29. Nd3 Rf8 30. Nb4 Nb8 31. c3 a5 32. Nc2 Nc6 33. Nd4+
Nxd4 34. cxd4 Rf4 35. Rd1 b4 36. Kc2 a4 37. Kd3 Rh4 38. Re1 Rh3+ 39. Re3 Rh2
40. Re2 Rh3+ 41. Kc2 Rh4 42. Rd2 Rh3 43. Rf2 Rh4 44. Kd3 Rh3+ 45. Kd2 Rh4 46.
Rf6+ Ke7 47. Ke3 Rh2 48. Rf2 Rh3+ 49. Kd2 Rh4 50. Kd3 Rh3+ 51. Kc2 Rh4 52. Rd2
Rh3 53. Kc1 Ke6 54. Kc2 Rf3 55. Kd1 Re3 56. Kc2 Rh3 57. Rf2 Rh4 58. Kd3 Rh3+
59. Kd2 Rh4 60. Ke3 Re4+ 61. Kd3 Rh4 62. Rf6+ Ke7 63. Ra6 Rh3+ 64. Ke2 Rh2+ 65.
Ke3 a3 66. b3 Rxa2 67. Rb6 Ra1 68. Rb7+ Kd8 69. Rb5 a2 70. Rxd5+ Ke7 71. Ra5
Re1+ 72. Kd3 a1=Q 73. Rxa1 Rxa1 74. Kc4 Ke6 75. Kxb4 Kd5 76. Kb5 Re1 77. b4
Kxd4 78. Kc6 Rxe5 79. b5 Re6+ 0-1

[Event "SG Siemens Erlangen e.V. 1-SG Gunzenhau"]
[Site "?"]
[Date "2013.03.10"]
[Round "9.1"]
[White "Frank, Gerhard"]
[Black "Wohlfahrt, Frank"]
[Result "0-1"]
[WhiteElo "1704"]
[BlackElo "1976"]
[PlyCount "52"]
[EventDate "2013.??.??"]
[WhiteTeam "SG Gunzenhausen/Weißenburg 2"]
[BlackTeam "SG Siemens Erlangen e.V. 1"]

1. d4 d6 2. Nf3 f5 3. g3 Nf6 4. Bg2 g6 5. c4 Bg7 6. Nc3 c6 7. Qc2 O-O 8. O-O
Kh8 9. Bg5 Be6 10. b3 Nbd7 11. Rad1 Rc8 12. e4 fxe4 13. Bxf6 Nxf6 14. Ng5 Bf5
15. Qd2 d5 16. cxd5 cxd5 17. Ne2 Qd7 18. f3 exf3 19. Nxf3 Rc2 20. Qe1 Rxa2 21.
Ne5 Qc7 22. Nf4 Be4 23. Bxe4 Nxe4 24. Nfxg6+ hxg6 25. Nxg6+ Kg8 26. Nxf8 Qc2
0-1

[Event "SG Siemens Erlangen e.V. 1-SG Gunzenhau"]
[Site "?"]
[Date "2013.03.10"]
[Round "9.2"]
[White "Fett, Helmut"]
[Black "Jäger, Peter"]
[Result "1-0"]
[WhiteElo "1769"]
[BlackElo "1702"]
[PlyCount "43"]
[EventDate "2013.??.??"]
[WhiteTeam "SG Siemens Erlangen e.V. 1"]
[BlackTeam "SG Gunzenhausen/Weißenburg 2"]

1. c4 g6 2. g3 Bg7 3. Bg2 d6 4. Nc3 c6 5. d3 Nf6 6. Nf3 O-O 7. O-O Re8 8. e4
Ng4 9. h3 Nh6 10. Be3 f5 11. Qd2 Nf7 12. Ng5 Ne5 13. f4 Nf7 14. Nxf7 Kxf7 15.
Rae1 Kg8 16. Kh2 Qa5 17. d4 fxe4 18. Bxe4 e6 19. Qc2 Qh5 20. g4 Qa5 21. f5 exf5
22. gxf5 1-0

[Event "SG Siemens Erlangen e.V. 1-SG Gunzenhau"]
[Site "?"]
[Date "2013.03.10"]
[Round "9.3"]
[White "Strobl, Thomas"]
[Black "Pölsterl, Hans"]
[Result "1/2-1/2"]
[WhiteElo "1683"]
[BlackElo "1871"]
[PlyCount "49"]
[EventDate "2013.??.??"]
[WhiteTeam "SG Gunzenhausen/Weißenburg 2"]
[BlackTeam "SG Siemens Erlangen e.V. 1"]

1. e4 c5 2. Nf3 Nc6 3. d4 cxd4 4. Nxd4 Nf6 5. Nxc6 bxc6 6. Nc3 Qc7 7. Bd3 e5 8.
O-O Be7 9. b3 d6 10. Bb2 Be6 11. Qd2 O-O 12. Kh1 Nh5 13. Ne2 a5 14. f4 Bg4 15.
fxe5 dxe5 16. Qe3 h6 17. Bc4 a4 18. bxa4 Bxe2 19. Bxe2 Bg5 20. Qc3 Nf4 21. Bb5
Rab8 22. Qxe5 Qxe5 23. Bxe5 cxb5 24. Bxf4 Bxf4 25. Rxf4 1/2-1/2

[Event "SG Siemens Erlangen e.V. 1-SG Gunzenhau"]
[Site "?"]
[Date "2013.03.10"]
[Round "9.4"]
[White "Semerow, Anatoli"]
[Black "Sikorsky, Reinhard"]
[Result "1-0"]
[WhiteElo "1871"]
[BlackElo "1663"]
[PlyCount "111"]
[EventDate "2013.??.??"]
[WhiteTeam "SG Siemens Erlangen e.V. 1"]
[BlackTeam "SG Gunzenhausen/Weißenburg 2"]

1. e4 c5 2. Nf3 d6 3. d4 cxd4 4. Nxd4 Nf6 5. Nc3 g6 6. Be2 Bg7 7. O-O O-O 8.
Be3 Nc6 9. Qd2 Bd7 10. Rad1 Ng4 11. Nxc6 bxc6 12. Bd4 Bh6 13. Qd3 e5 14. Bc5
dxc5 15. Qxd7 Qxd7 16. Rxd7 Nf6 17. Rd6 Bg7 18. Rxc6 Rfc8 19. Rd6 Rd8 20. Rfd1
Rxd6 21. Rxd6 Kf8 22. Rc6 Nd7 23. Rc7 Rd8 24. Nd5 f5 25. f3 Nb6 26. Rxc5 Nxd5
27. Rxd5 Rxd5 28. exd5 Ke7 29. Kf2 Kd6 30. c4 Bh6 31. Ke1 Bf4 32. h3 Bc1 33. b3
Ba3 34. Kd2 a5 35. g4 e4 36. gxf5 gxf5 37. fxe4 fxe4 38. Kc3 Ke5 39. b4 Bxb4+
40. Kb3 Kd4 41. a3 Bc5 42. Ka4 h6 43. Kxa5 Bxa3 44. Kb5 Ke5 45. Kc6 Bb4 46. Bh5
e3 47. Bg4 Ba3 48. Bf3 Bb4 49. Kb5 Ba3 50. Kc6 Bb4 51. c5 Ba3 52. d6 Bb4 53.
Be2 Ba5 54. Bg4 Kd4 55. Kb5 Bd8 56. c6 1-0

[Event "SG Siemens Erlangen e.V. 1-SG Gunzenhau"]
[Site "?"]
[Date "2013.03.10"]
[Round "9.5"]
[White "Gajewski, Richard"]
[Black "Kirsch, Heinrich"]
[Result "0-1"]
[WhiteElo "1617"]
[BlackElo "1795"]
[PlyCount "116"]
[EventDate "2013.??.??"]
[WhiteTeam "SG Gunzenhausen/Weißenburg 2"]
[BlackTeam "SG Siemens Erlangen e.V. 1"]

1. Nf3 d5 2. b3 Bf5 3. Bb2 c5 4. d3 Nc6 5. a3 Qc7 6. g3 e5 7. Bg2 Be7 8. Nfd2
O-O-O 9. e4 dxe4 10. Nxe4 Nf6 11. Nxf6 Bxf6 12. Nc3 Qa5 13. b4 cxb4 14. axb4
Qxb4 15. Rb1 e4 16. Qd2 exd3 17. cxd3 Rxd3 18. Qc1 Re8+ 19. Kf1 Bxc3 20. Bxc6
Bh3+ 21. Bg2 Re1+ 22. Qxe1 Bxg2+ 23. Kxg2 Bxe1 24. Rhxe1 Qg4 25. Be5 Qf3+ 26.
Kg1 Rd2 27. Rbc1+ Kd8 28. Rf1 f6 29. Bc7+ Kd7 30. Ba5 Ra2 31. Rfd1+ Ke6 32. Be1
h5 33. Rd4 g5 34. Rcd1 b5 35. R4d3 Qb7 36. h3 a5 37. Rd6+ Ke7 38. Bc3 Qf3 39.
Rd7+ Ke8 40. Rd8+ Kf7 41. R8d7+ Kg6 42. Be1 b4 43. R7d3 Qe2 44. Rd8 b3 45. Rg8+
Kf7 46. Rgd8 b2 47. R8d7+ Kg6 48. R7d2 Qxd1 49. Rxd1 Ra1 50. Rxa1 bxa1=Q 51.
Kf1 Kf5 52. Ke2 Qxe1+ 53. Kxe1 a4 54. h4 gxh4 55. gxh4 Kg4 56. f3+ Kxf3 57. Kf1
Kg4 58. Ke2 a3 0-1

[Event "SG Siemens Erlangen e.V. 1-SG Gunzenhau"]
[Site "?"]
[Date "2013.03.10"]
[Round "9.6"]
[White "Balhar, Rudolf"]
[Black "Horndasch, Lulu"]
[Result "1-0"]
[WhiteElo "1834"]
[BlackElo "1583"]
[PlyCount "61"]
[EventDate "2013.??.??"]
[WhiteTeam "SG Siemens Erlangen e.V. 1"]
[BlackTeam "SG Gunzenhausen/Weißenburg 2"]

1. e4 b6 2. d4 Bb7 3. Bd3 Nf6 4. Nc3 e6 5. a3 Nc6 6. Nf3 a6 7. O-O Be7 8. Qe2
O-O 9. Bg5 Ng4 10. Bd2 f5 11. exf5 exf5 12. h3 Nh6 13. Rfe1 Bf6 14. Bxh6 gxh6
15. Bxf5 Nxd4 16. Nxd4 Bxd4 17. Qc4+ d5 18. Be6+ Rf7 19. Qxd4 Qg5 20. Re3 c5
21. Qd3 Qf6 22. Bxf7+ Qxf7 23. Rae1 Rb8 24. Re7 Qg6 25. Qxg6+ hxg6 26. R1e6 Kf8
27. Rh7 Kg8 28. Rc7 d4 29. Rxg6+ Kf8 30. Rxh6 dxc3 31. Rh8# 1-0

[Event "SG Siemens Erlangen e.V. 1-SG Gunzenhau"]
[Site "?"]
[Date "2013.03.10"]
[Round "9.7"]
[White "Fising, Robert"]
[Black "Weh, Peter"]
[Result "0-1"]
[WhiteElo "1554"]
[BlackElo "1798"]
[PlyCount "36"]
[EventDate "2013.??.??"]
[WhiteTeam "SG Gunzenhausen/Weißenburg 2"]
[BlackTeam "SG Siemens Erlangen e.V. 1"]

1. d4 e6 2. Nf3 d5 3. Bf4 Nf6 4. h3 Be7 5. Nbd2 Nbd7 6. e3 b6 7. Bb5 O-O 8. O-O
Bb7 9. Ne5 Nxe5 10. Bxe5 c5 11. c4 a6 12. Ba4 dxc4 13. Bc2 cxd4 14. Bxd4 b5 15.
a4 Qd5 16. Nf3 Qh5 17. Qe2 g5 18. Be5 g4 0-1

[Event "SG Siemens Erlangen e.V. 1-SG Gunzenhau"]
[Site "?"]
[Date "2013.03.10"]
[Round "9.8"]
[White "Roth, Christoph"]
[Black "Angel, Michael"]
[Result "1-0"]
[WhiteElo "1684"]
[BlackElo "1236"]
[PlyCount "47"]
[EventDate "2013.??.??"]
[WhiteTeam "SG Siemens Erlangen e.V. 1"]
[BlackTeam "SG Gunzenhausen/Weißenburg 2"]

1. d4 Nf6 2. c4 g6 3. Nc3 Bg7 4. e4 d6 5. h3 a6 6. Nf3 O-O 7. Be2 c6 8. O-O
Nbd7 9. Bf4 Nh5 10. Bh2 b6 11. e5 dxe5 12. dxe5 Bh6 13. Nd4 Nf4 14. Nxc6 Nxe2+
15. Qxe2 Qe8 16. e6 Nc5 17. exf7+ Rxf7 18. Ne5 Rf8 19. Nd5 Rb8 20. Rad1 Rb7 21.
b4 Nd7 22. Ng4 Bg5 23. Nc7 Qf7 24. Ne6 1-0

[Event "SC Uttenreuth e.V. 1-SK Neumarkt e.V. 1"]
[Site "?"]
[Date "2013.03.10"]
[Round "9.1"]
[White "Regnat, Markus"]
[Black "Spiegelhauer, Tilmann"]
[Result "1/2-1/2"]
[WhiteElo "2043"]
[BlackElo "1847"]
[PlyCount "82"]
[EventDate "2013.??.??"]
[WhiteTeam "SK Neumarkt e.V. 1"]
[BlackTeam "SC Uttenreuth e.V. 1"]

1. e4 e6 2. d4 d5 3. exd5 exd5 4. Bd3 Bd6 5. Nc3 Ne7 6. Nb5 Bb4+ 7. c3 Ba5 8.
Bf4 a6 9. Na3 Nbc6 10. Ne2 Bf5 11. O-O Qd7 12. Ng3 Bxd3 13. Qxd3 Qg4 14. Bd2 f5
15. f4 O-O 16. Rae1 h5 17. Re6 h4 18. Nh1 Ng6 19. Rf3 Rae8 20. Qe2 Kf7 21. Ree3
Nxf4 22. Rxf4 Qxe2 23. Rxf5+ Kg8 24. Rxf8+ Kxf8 25. Rxe2 Rxe2 26. Nb1 Nxd4 27.
Kf1 h3 28. gxh3 Rxh2 29. Nf2 Nf3 30. Bf4 Rxf2+ 31. Kxf2 Nh4 32. Nd2 Nf5 33. Kf3
Kf7 34. Nb3 Bb6 35. a4 c6 36. a5 Ba7 37. Bc7 Ke6 38. Bb6 Bxb6 39. axb6 Kd6 40.
Na5 Kc5 41. Nxb7+ Kxb6 1/2-1/2